000 01514nam a2200241Ia 4500
003 Ost
005 20260416102400.0
008 260416s9999||||xx |||||||||||||| ||und||
040 _cfsecg
041 _aara
082 _a332
100 _aفخاري، فاروق
_eمؤلف
245 0 _aالاقتصاد النقدي وأسواق رأس المال :
_bمطبوعة مقدمة لطلبة السنة الثانية شعبة العلوم المالية و المحاسبية /
_cفاروق فخاري
260 _aالجزائر
_bجامعة الجزائر3: كلية العلوم الإقتصادية، العلوم التجارية وعلوم التسيير
_c2023
300 _a124 ورقة
_bايضاحات
_c12 سم
504 _aالمراجع ص.120
520 _aالاطار النقدي للنقود ، الانظمة النقدية ، الكتلة النقدية و مقابلاتها ، النظريات و السياسات النقدية، الوساطة المالية ، الجهاز المصرفي الجزائري، السوق المالي ، الاسواق النقدية ، سوق راس المال ، سوق رؤوس الاموال النقدية ، الساحات المالية الدولية .
653 _aالاقتصاد المالي
653 _aالنقود
653 _aراس المال
710 _aجامعة الجزائر3: كلية العلوم الإقتصادية، العلوم التجارية وعلوم التسيير
_eناشر علمي
942 _cHANDOUT
999 _c41386
_d41386